000 00315nam a2200109 4500
999 _c9734
_d9734
008 180716b ||||| |||| 00| 0 eng d
245 _aVideo game players likely to perform better at school.
260 _aPhilippines
_bManila Bulletin
_cc2016
300 _apage 3.
650 0 _928914
_aStudy skills.
942 _2ddc
_cPER